• 首页
  • 本馆介绍
  • 公告通知
  • 最新文献
  • 馆藏检索
  • 电子资源
  • 读者导购
  • 参考咨询
  • 我的图书馆
  • 登录
  • 详细信息显示
  • 放入我的书架
  • 预约/预借图书
  • 作者相关作品
  • 分类相关作品
  • 丛书相关作品
  • 出版社相关作品

书目信息

  • 表格格式
  • 工作单格式
  • 卡片格式
题名:
家电维修技术精华丛书
    
 
作者: 刘宪坤 主编
分册: 1   收音机
出版信息: 北京   电子工业出版社  1992.1
页数: 374页
开本: 20cm
丛书名:
单 册:
中图分类: T-61
科图分类:
主题词: 工业技术
电子资源:
ISBN: 7-5053-1581-1
000 00607nam0 2200205 45
001 0312221749
005 20041125165543.2
010    @a7-5053-1581-1@dCNY7.20
100    @a20031222d1992 km y0chiy0120 ea
101    @achi
105    @a z 000yy
200 1  @a家电维修技术精华丛书@AJia Dian Wei Xiu Ji Shu Jing Hua Cong Shu@h1@i收音机@f刘宪坤主编@FLiu Xian Kun Zhu Bian
210    @a北京@c电子工业出版社@d1992.1
215    @a374页@d20cm
517    @a收音机@AShou Yin Ji
606 0  @a工业技术
690    @aT-61@v4
701 0  @a刘宪坤@4主编
801    @aCN@bTSTCL@c20031222
905    @dT-61@e73:1@f1@b247774
    
    家电维修技术精华丛书.1.收音机/刘宪坤主编.-北京:电子工业出版社,1992.1
    374页;20cm
    
    
    ISBN 7-5053-1581-1:CNY7.20
    
●
相关链接 在E读中查询图书 在五车中查询图书 在当当中查询图书 在豆瓣中查询图书


正题名:家电维修技术精华丛书     索取号:T-61/73:1         预约/预借

序号 登录号 条形码 馆藏地/架位号 状态 备注
1 0247774   001936061   密集书库/ [索取号:T-61/73:1] 在馆    
唐山师范学院图书馆 欢迎您!
大连网信软件有限公司© 版权所有